Smallest Countries in the World - Statistics

General Stats
  • This quiz has been taken 72 times
  • The average score is 11 of 15
Answer Stats
Surface Area (Km^2) Answer % Correct
0.49 Vatican City
98%
2.0 Monaco
92%
61 San Marino
92%
160 Liechtenstein
91%
261 Saint Kitts and Nevis
74%
21 Nauru
72%
26 Tuvalu
71%
316 Malta
68%
431 Barbados
66%
344 Grenada
66%
389 Saint Vincent and the Grenadines
66%
452 Seychelles
60%
442 Antigua and Barbuda
58%
181 Marshall Islands
49%
300 Maldives
45%
No matching quizzes found
Score Distribution
Percent of People with Each Score
Percentile by Number Answered
Your Score History
You have not taken this quiz